| 000 | 00349nam a22001577a 4500 | ||
|---|---|---|---|
| 003 | SGT | ||
| 020 | _a978-81-312-3653-6 | ||
| 082 |
_a150 _bP14B |
||
| 100 | _aBABU, STEPHEN | ||
| 245 | _aPSYCHOLOGY FOR NURSES | ||
| 250 | _a1ST | ||
| 260 |
_aINDIA _bELSEVIER PUB _c2014 |
||
| 300 | _a233 | ||
| 650 | _aMENTAL HEALTH NURSING | ||
| 942 |
_2ddc _cBK _010 |
||
| 999 |
_c20159 _d20159 |
||